<?xml version="1.0" encoding="UTF-8"?>
<record
    xmlns:xsi="http://www.w3.org/2001/XMLSchema-instance"
    xsi:schemaLocation="http://www.loc.gov/MARC21/slim http://www.loc.gov/standards/marcxml/schema/MARC21slim.xsd"
    xmlns="http://www.loc.gov/MARC21/slim">

  <leader>01204nam a2200313Ia 4500</leader>
  <controlfield tag="003">OSt</controlfield>
  <controlfield tag="005">20210420100458.0</controlfield>
  <controlfield tag="008">160825s2009    ck a   g      000 0 spa  </controlfield>
  <datafield tag="020" ind1=" " ind2=" ">
    <subfield code="a">9789585488922</subfield>
  </datafield>
  <datafield tag="040" ind1=" " ind2=" ">
    <subfield code="a">CO-BoRNBP</subfield>
    <subfield code="b">spa</subfield>
    <subfield code="e">rda</subfield>
    <subfield code="c">CO-BoRNBP</subfield>
  </datafield>
  <datafield tag="082" ind1="0" ind2="4">
    <subfield code="a">C</subfield>
    <subfield code="b">M84e</subfield>
  </datafield>
  <datafield tag="100" ind1="1" ind2=" ">
    <subfield code="a">M&#xFA;jica Vel&#xE1;squez, Elisa</subfield>
    <subfield code="d">1918-</subfield>
    <subfield code="9">66728</subfield>
  </datafield>
  <datafield tag="245" ind1="1" ind2="3">
    <subfield code="a">La expedici&#xF3;n bot&#xE1;nica contada a los ni&#xF1;os /</subfield>
    <subfield code="c">Elisa M&#xFA;jica </subfield>
  </datafield>
  <datafield tag="264" ind1=" " ind2=" ">
    <subfield code="a">Bogot&#xE1;</subfield>
    <subfield code="b">Ministerio de Cultura</subfield>
    <subfield code="c">2018</subfield>
  </datafield>
  <datafield tag="300" ind1=" " ind2=" ">
    <subfield code="a">31p&#xE1;ginas </subfield>
    <subfield code="b">ilustraciones en color </subfield>
    <subfield code="c">27 cm </subfield>
  </datafield>
  <datafield tag="336" ind1=" " ind2=" ">
    <subfield code="a">texto</subfield>
    <subfield code="b">txt</subfield>
    <subfield code="2">rdacontent</subfield>
  </datafield>
  <datafield tag="337" ind1=" " ind2=" ">
    <subfield code="a">sin mediaci&#xF3;n</subfield>
    <subfield code="b">n</subfield>
    <subfield code="2">rdamedia</subfield>
  </datafield>
  <datafield tag="338" ind1=" " ind2=" ">
    <subfield code="a">volumen</subfield>
    <subfield code="b">nc</subfield>
    <subfield code="2">rdacarrier</subfield>
  </datafield>
  <datafield tag="500" ind1=" " ind2=" ">
    <subfield code="a">Incluye datos biogr&#xE1;ficos del autor</subfield>
  </datafield>
  <datafield tag="600" ind1="1" ind2="4">
    <subfield code="a">Mutis, Jose Celestino </subfield>
    <subfield code="d">1732-1808</subfield>
    <subfield code="9">16401</subfield>
  </datafield>
  <datafield tag="650" ind1="1" ind2="4">
    <subfield code="2">LEMB </subfield>
    <subfield code="a">Expediciones cient&#xED;ficas </subfield>
    <subfield code="z">Colombia </subfield>
    <subfield code="9">66729</subfield>
  </datafield>
  <datafield tag="650" ind1="1" ind2="4">
    <subfield code="2">LEMB </subfield>
    <subfield code="a">Bot&#xE1;nica</subfield>
    <subfield code="x">Ense&#xF1;anza</subfield>
    <subfield code="z">Colombia</subfield>
    <subfield code="9">66730</subfield>
  </datafield>
  <datafield tag="650" ind1="1" ind2="4">
    <subfield code="2">LEMB </subfield>
    <subfield code="a">Viajes de aventuras</subfield>
    <subfield code="z">Colombia</subfield>
    <subfield code="9">66731</subfield>
  </datafield>
  <datafield tag="650" ind1="1" ind2="4">
    <subfield code="2">LEMB </subfield>
    <subfield code="a">Ciencias del medio ambiente</subfield>
    <subfield code="z">Colombia</subfield>
    <subfield code="9">66732</subfield>
  </datafield>
  <datafield tag="650" ind1="1" ind2="4">
    <subfield code="2">LEMB </subfield>
    <subfield code="a">Desarrollo cient&#xED;fico y tecnol&#xF3;gico</subfield>
    <subfield code="z">Colombia</subfield>
    <subfield code="9">66733</subfield>
  </datafield>
  <datafield tag="650" ind1="1" ind2="4">
    <subfield code="2">LEMB </subfield>
    <subfield code="a">Libros ilustrados para ni&#xF1;os</subfield>
    <subfield code="9">16</subfield>
  </datafield>
  <datafield tag="700" ind1="1" ind2=" ">
    <subfield code="a">Acosta, Victoria Eugenia</subfield>
    <subfield code="9">9829</subfield>
  </datafield>
  <datafield tag="942" ind1=" " ind2=" ">
    <subfield code="2">ddc</subfield>
    <subfield code="c">BKINF</subfield>
  </datafield>
  <datafield tag="999" ind1=" " ind2=" ">
    <subfield code="c">13137</subfield>
    <subfield code="d">13137</subfield>
  </datafield>
  <datafield tag="952" ind1=" " ind2=" ">
    <subfield code="0">0</subfield>
    <subfield code="1">0</subfield>
    <subfield code="2">ddc</subfield>
    <subfield code="4">0</subfield>
    <subfield code="7">0</subfield>
    <subfield code="8">LI</subfield>
    <subfield code="a">MUS</subfield>
    <subfield code="b">MUS</subfield>
    <subfield code="d">2021-02-10</subfield>
    <subfield code="l">0</subfield>
    <subfield code="o">C M84e</subfield>
    <subfield code="p">MUS000128</subfield>
    <subfield code="r">2021-02-10</subfield>
    <subfield code="t">ej 1</subfield>
    <subfield code="w">2021-02-10</subfield>
    <subfield code="y">BKINF</subfield>
    <subfield code="z">Quince dias</subfield>
  </datafield>
  <datafield tag="952" ind1=" " ind2=" ">
    <subfield code="0">0</subfield>
    <subfield code="1">0</subfield>
    <subfield code="2">ddc</subfield>
    <subfield code="4">0</subfield>
    <subfield code="7">0</subfield>
    <subfield code="8">LI</subfield>
    <subfield code="a">BPMOS</subfield>
    <subfield code="b">BPMOS</subfield>
    <subfield code="d">2021-04-20</subfield>
    <subfield code="e">Dotaci&#xF3;n BNAL 2020</subfield>
    <subfield code="i">NT</subfield>
    <subfield code="l">1</subfield>
    <subfield code="o">C M84e</subfield>
    <subfield code="p">MOS500937</subfield>
    <subfield code="r">2024-06-26</subfield>
    <subfield code="s">2024-06-26</subfield>
    <subfield code="t">Ej. 1</subfield>
    <subfield code="w">2021-04-20</subfield>
    <subfield code="y">BKINF</subfield>
    <subfield code="z">Quince d&#xED;as</subfield>
  </datafield>
  <datafield tag="952" ind1=" " ind2=" ">
    <subfield code="0">0</subfield>
    <subfield code="1">0</subfield>
    <subfield code="2">ddc</subfield>
    <subfield code="4">0</subfield>
    <subfield code="7">0</subfield>
    <subfield code="8">LI</subfield>
    <subfield code="a">BPMOS</subfield>
    <subfield code="b">BPMOS</subfield>
    <subfield code="d">2021-04-20</subfield>
    <subfield code="e">Dotaci&#xF3;n BNAL 2020</subfield>
    <subfield code="i">NT</subfield>
    <subfield code="l">0</subfield>
    <subfield code="o">C M84e</subfield>
    <subfield code="p">MOS500938</subfield>
    <subfield code="r">2021-04-20</subfield>
    <subfield code="t">Ej. 2</subfield>
    <subfield code="w">2021-04-20</subfield>
    <subfield code="y">BKINF</subfield>
    <subfield code="z">Quince d&#xED;as</subfield>
  </datafield>
  <datafield tag="952" ind1=" " ind2=" ">
    <subfield code="0">0</subfield>
    <subfield code="1">0</subfield>
    <subfield code="2">ddc</subfield>
    <subfield code="4">0</subfield>
    <subfield code="7">0</subfield>
    <subfield code="8">LI</subfield>
    <subfield code="a">BPMOS</subfield>
    <subfield code="b">BPMOS</subfield>
    <subfield code="d">2021-04-20</subfield>
    <subfield code="e">Dotaci&#xF3;n BNAL 2020</subfield>
    <subfield code="i">NT</subfield>
    <subfield code="l">0</subfield>
    <subfield code="o">C M84e</subfield>
    <subfield code="p">MOS500939</subfield>
    <subfield code="r">2021-04-20</subfield>
    <subfield code="t">Ej. 3</subfield>
    <subfield code="w">2021-04-20</subfield>
    <subfield code="y">BKINF</subfield>
    <subfield code="z">Quince d&#xED;as</subfield>
  </datafield>
  <datafield tag="952" ind1=" " ind2=" ">
    <subfield code="0">0</subfield>
    <subfield code="1">0</subfield>
    <subfield code="2">ddc</subfield>
    <subfield code="4">0</subfield>
    <subfield code="7">0</subfield>
    <subfield code="8">LI</subfield>
    <subfield code="a">BPMOS</subfield>
    <subfield code="b">BPMOS</subfield>
    <subfield code="d">2021-04-20</subfield>
    <subfield code="e">Dotaci&#xF3;n BNAL 2020</subfield>
    <subfield code="i">NT</subfield>
    <subfield code="l">0</subfield>
    <subfield code="o">C M84e</subfield>
    <subfield code="p">MOS500940</subfield>
    <subfield code="r">2021-04-20</subfield>
    <subfield code="t">Ej. 4</subfield>
    <subfield code="w">2021-04-20</subfield>
    <subfield code="y">BKINF</subfield>
    <subfield code="z">Quince d&#xED;as</subfield>
  </datafield>
  <datafield tag="952" ind1=" " ind2=" ">
    <subfield code="0">0</subfield>
    <subfield code="1">0</subfield>
    <subfield code="2">ddc</subfield>
    <subfield code="4">0</subfield>
    <subfield code="7">0</subfield>
    <subfield code="8">LI</subfield>
    <subfield code="a">BPMOS</subfield>
    <subfield code="b">BPMOS</subfield>
    <subfield code="d">2021-04-20</subfield>
    <subfield code="e">Dotaci&#xF3;n BNAL 2020</subfield>
    <subfield code="i">NT</subfield>
    <subfield code="l">0</subfield>
    <subfield code="o">C M84e</subfield>
    <subfield code="p">MOS500941</subfield>
    <subfield code="r">2021-04-20</subfield>
    <subfield code="t">Ej. 5</subfield>
    <subfield code="w">2021-04-20</subfield>
    <subfield code="y">BKINF</subfield>
    <subfield code="z">Quince d&#xED;as</subfield>
  </datafield>
</record>
